1962 1468 1048 1981 1842 1626 1718 1555 1034 1231 1743 1469 1152 1468 1250 1434 1022 1964 1845 1462 1561 1824 1158 1859 1907 1317 1496 1569 1872 1284 1060 1333 1620 1153 1242 1150 1703 1081 1353 1054 1030 1910 1158 1175 1516 1151 1176 1659 1782 1260 1427 1828 1385 1992 1850 1999 1418 1406 1387 1606 1040 1479 1241 1012 1951 1047 1685 1508 1784 1808 1545 1514 1715 1539 1502 1004 1901 1759 1622 1165 1045 1951 1087 1799 1958 1506 1413 1465 1941 1229 1148 1986 1718 1190 1516 1913 1568 1290 1321 BCNSPRNW ULIB Ver.6.0+V

เปลี่ยนเป็นภาษาไทย

Change to English
 แสดงรายละเอียดบรรณานุกรม
  กลับหน้าหลัก

Brief Record : Get Marc (ISO 2709) : E-mail record : QR code < ปิดหน้าต่าง
LEADER : 00000nam 2200000uu 4500
001    13399122225
003     ULIB
008    130114s2553||||th 000 0 tha d
020    ^a9786167287492
060  4 ^aWY159^bต367ภ ล.2
110 1  ^aวิทยาลัยพยาบาลสภากาชาดไทย, ภาควิชาการพยาบาลเด็กและการผดุงครรภ์
245 00 ^aตำราการพยาบาลเด็ก^nเล่ม 2./^cภาควิชาการพยาบาลเด็กและการผดุงครรภ์ วิทยาลัยพยาบาลสภากาชาดไทย
260    ^aกรุงเทพฯ :^bภาควิชาการพยาบาลเด็กและการผดุงครรภ์ วิทยาลัยพยาบาลสภากาชาดไทย,^c2553
300    ^a215 หน้า :^bภาพประกอบ
505 0  ^aการพยาบาลเด็กที่มีปัญหาการขับถ่ายอุจจาระ - - การพยาบาลเด็กที่มีปัญหาการรู้สติ - - การพยาบาลเด็กที่มีปัญหาการรับความรู้สึก - - การพยาบาลเด็กที่มีปัญหาการเคลื่อนไหว - - การพยาบาลเด็กที่มีปัญหาการปกป้องร่างกาย : ภูมิคุ้มกัน - - การพยาบาลเด็กที่มีปัญหาการปกป้องร่างกาย : ผิวหนัง - - การพยาบาลเด็กที่มีปัญหาการปกป้องร่างกาย : อุณหภูมิ - - การพยาบาลเด็กที่มีปัญหาการปกป้องร่างกาย :เลือดออกผิดปกติ
650  7 ^aการพยาบาลกุมารเวชศาสตร์
710 1  ^aวิทยาลัยพยาบาลสภากาชาดไทย.^bภาควิชาการพยาบาลเด็กและการผดุงครรภ์
945    ^p260^l0^i19691
945    ^p260^l0^i19692
995    ^aกัณชพร
999    ^aใช้งานได้ทุกระบบ
รายการนี้ยังไม่มีแท็ก
คุณยังไม่ได้ล็อกอิน คุณสามารถมีกิจกรรมร่วมกับเว็บไซต์ได้ แต่ต้องล็อกอินก่อน ::
  ล็อกอิน

รายการสื่อสารสนเทศ

ลำดับที่ ประเภท เลขเรียก/บาร์โค้ด สถานที่ สถานะ
1. Book การพยาบาล
Book การพยาบาล
WY159 ต367ภ ล.2  
  Barcode: 19691
ห้องสมุดวิทยาเขตนครสวรรค์
►ส่วนจัดเก็บหนังสือเก่า นว.
บนชั้น
  ขอยืม
2. Book การพยาบาล
Book การพยาบาล
WY159 ต367ภ ล.2 ฉ.2 
  Barcode: 19692
ห้องสมุดวิทยาเขตนครสวรรค์
►ส่วนจัดเก็บหนังสือเก่า นว.
บนชั้น
  ขอยืม

รายการใกล้เคียง
    หัวเรื่อง [การพยาบาลกุมารเวชศาสตร์]

BibComment


ยังไม่เคยถูกคอมเมนท์

คอมเมนท์ทรัพยากรรายการนี้
  คอมเมนท์: ตำราการพยาบาลเด็..


 Copyright 2026. Bcnsprnw @Library